| 000 | 01744nam a2200349 i 4500 | ||
|---|---|---|---|
| 999 |
_c65450 _d65450 |
||
| 001 | 768714001 | ||
| 003 | CO-MdFUSB | ||
| 005 | 20200318115930.0 | ||
| 007 | ta | ||
| 008 | 200309s2012 sp |||| |||| 00| 0 spa d | ||
| 020 | _a9788432214066 | ||
| 040 |
_aCO-MdFUSB _bspa _cCO-MdFUSB _dCO-MdFUSBC _erda |
||
| 041 |
_aspa _hita |
||
| 082 |
_223 _a853.914 _bT153 |
||
| 100 |
_aTamaro, Susanna. _eautor |
||
| 240 | _aPer sempre | ||
| 245 |
_aPara siempre _c/ Susanna Tamaro ; traducido por Guadalupe Ramírez |
||
| 264 | 1 |
_aEspaña : _bSeix Barral, _c[2012] |
|
| 264 | 4 | _c© 2012 | |
| 300 |
_a188 páginas _c; 23 cm |
||
| 336 |
_2rdacontent _atexto _btxt |
||
| 337 |
_2rdamedia _asin mediación _bn |
||
| 338 |
_2rdacarrier _avolumen _bnc |
||
| 490 | _aBiblioteca Formentor | ||
| 520 | _aExiste el "para siempre"?", me preguntaste. Te abracé todavía más fuerte. "Sólo existe el "para siempre"", te respondí. Este era el pacto de amor entre Nora y Matteo. Pero Nora ya no está, y quince años después de su desaparición Matteo vive recluido en el bosque, desde donde recuerda los interrogantes que han marcado su vida y que determinan también el destino de todo ser humano. Para siempre cuenta hasta qué punto un hombre puede perderse en la tristeza y cómo la fuerza regeneradora de la Naturaleza y el misterio de la existencia encerrado en las cosas más pequeñas lo pueden apaciguar y sanar. Una historia que, en palabras de la propia Susanna Tamaro, hará detenerse al lector y exclamar: " Sí, la vida puede ser mucho más!" | ||
| 563 | _aRústico | ||
| 650 | 7 |
_2embne _92491 _aLiteratura italiana |
|
| 653 | _aNovela Italiana | ||
| 700 |
_92564 _aRamírez, Guadalupe. _etraductor |
||
| 942 | _cBK | ||
| 945 | _aJTF-925 | ||